K metodice porovnávaní vzájemného obchodu mezi Českou republikou a státy Evropské unie

Metodika porovnávania vzájomných obchodov ČR a EÚ. Zmeny v metodike. Zaistenie úplnej kompatibility v metodike porovnávania s krajinami EÚ. Metodika porovnávania vývozu a dovozu EÚ do ČR v r. 1995 a 1996. Zhodnotenie metodických zmien.

Na minha lista:
Detalhes bibliográficos
Autor principal: Králová, M.
Formato: Capítulo de Livro
Idioma:tcheco
Assuntos:
Tags: Adicionar Tag
Sem tags, seja o primeiro a adicionar uma tag!

MARC

LEADER 00000naa a2200000 4500
001 r025403
005 20230925110126.6
041 0 |a cze 
044 |a CZ 
245 1 0 |a K metodice porovnávaní vzájemného obchodu mezi Českou republikou a státy Evropské unie  |c M. Králová 
520 |a Metodika porovnávania vzájomných obchodov ČR a EÚ. Zmeny v metodike. Zaistenie úplnej kompatibility v metodike porovnávania s krajinami EÚ. Metodika porovnávania vývozu a dovozu EÚ do ČR v r. 1995 a 1996. Zhodnotenie metodických zmien. 
610 2 0 |a obchod medzinárodný 
610 2 0 |a porovnanie medzinárodné 
610 2 0 |a Česko 
610 2 0 |a Európska únia 
610 2 0 |a metodika 
610 2 0 |a vývoz 
610 2 0 |a dovoz 
610 2 0 |a 1995 
610 2 0 |a 1996 
100 1 |a Králová, M.